[Event "Romanian Team Rapid Open 2022"]
[Site "Sebes"]
[Date "2022.12.03"]
[Round "3.20"]
[White "Craciun, Sasha-Matei"]
[Black "Tarciuc, Ianis-Mihai"]
[Result "1-0"]
[WhiteElo "2001"]
[BlackElo "1642"]
[Annotator "TA"]
[PlyCount "51"]
[EventDate "2022.12.03"]
[EventType "rapid"]
[EventCountry "ROU"]
[SourceTitle "playchess.com"]
[Source "ChessBase"]
[SourceQuality "1"]

{[%evp 14,51,50,39,56,53,91,50,54,50,46,49,70,36,68,-3,26,0,0,0,95,57,127,115,157,150,148,152,431,445,449,450,585,552,810,796,758,733,1035,1022]} 1. e4 c5 2. Nf3 g6 3. d4 cxd4 4. Nxd4 Nc6 5. c4 Bg7 6. Be3 Nf6 {6...Qb6 is the hot move.} 7. Nc3 O-O 8. Be2 Nxd4 {B38: Sicilian: Maroczy Bind with 5...Bg7 and 7...0-0.} 9. Bxd4 ({Reject} 9. Qxd4 Ng4 $1 10. Qd3 Nxe3 11. Qxe3 Qa5 $15) 9... a5 10. f3 {White is more active.} d6 {White is slightly better.} 11. O-O Bd7 12. b3 a4 13. Qd2 ({Much worse is} 13. Nxa4 Bxa4 14. bxa4 Nd7 $11) 13... Qa5 {[#]} 14. Rad1 $146 ({White should try} 14. b4 $14 Qh5 15. Rad1) ({Predecessor:} 14. b4 Qc7 15. a3 Be6 16. Rac1 Rfc8 17. Nb5 Qd8 18. Rfd1 Nd7 19. Bxg7 Kxg7 20. Nd4 {1-0 (34) Suliborski,J (2122)-Zgadzaj,R (2131) Zgierz 2018}) 14... Rfc8 15. Kh1 axb3 16. axb3 Kf8 (16... Bc6 $11) 17. Qe3 Qb4 {[#]} (17... e5 $14 18. Bb6 Qb4) 18. Bxf6 $1 $16 exf6 19. Nd5 Qc5 20. Qxc5 Rxc5 {A mistake that costs the game.} (20... dxc5 $16 {was called for.} 21. Nb6 Bc6) 21. Nb6 $18 {[%csl LRa8,LRd6,LRd7] White is clearly winning.} Rd8 22. Rxd6 Ke7 23. Rfd1 {[%cal Bf1d1,Bd1d7,Bd7b7][%mdl 32]} Rc6 {Inhibits b4.} 24. Rxd7+ Rxd7 25. Rxd7+ Ke8 26. Rxb7 {Weighted Error Value: White=0.18 (very precise) /Black=0.62} 1-0

[Event "Romanian Team Rapid Open 2022"]
[Site "Sebes"]
[Date "2022.12.03"]
[Round "3.21"]
[White "Dragomirescu, Robin-Alexandru"]
[Black "Stanca, Adrian"]
[Result "1-0"]
[WhiteElo "2337"]
[BlackElo "2182"]
[Annotator "TA"]
[PlyCount "61"]
[EventDate "2022.12.03"]
[EventType "rapid"]
[EventCountry "ROU"]
[SourceTitle "playchess.com"]
[Source "ChessBase"]
[SourceQuality "1"]

{[%evp 9,61,-11,6,-14,11,14,28,28,28,18,36,43,41,42,50,46,63,37,49,0,14,-2,-16,-21,-30,-32,-28,-36,58,57,56,51,52,59,53,60,52,33,50,40,72,63,60,14,47,37,48,49,60,48,50,58,264,268]} 1. b3 Nf6 2. Bb2 g6 3. Bxf6 exf6 4. c4 Bg7 5. Nc3 f5 6. Rc1 {A01: Nimzowitsch-Larsen Opening.} O-O 7. g3 Nc6 8. Bg2 {White has an edge.} d6 9. e3 Rb8 10. d4 {[#]} Ne7 $146 ({Predecessor:} 10... Re8 11. Nge2 f4 12. gxf4 Bg4 13. O-O Qh4 14. Qe1 Qh5 15. Ng3 Qh4 16. Nd5 Nxd4 {1-0 (46) Andrade,G (1899)-Hernandez,W (1543) Chess.com INT 2020}) 11. Nge2 a6 12. O-O b5 13. Qd3 c6 14. cxb5 axb5 15. b4 d5 16. a4 bxa4 17. Nxa4 Rxb4 18. Nc5 f4 (18... g5 $15) 19. Qa3 $14 Qb6 {[#] ...fxe3 is the strong threat.} 20. Nd3 (20. Nxf4 {simplifies} Rb5 21. Bf3 Ra5 22. Qc3) 20... Rb3 (20... f3 $2 21. Qxb4 Qxb4 22. Nxb4 $18) 21. Qxe7 Rxd3 22. Nxf4 Rb3 23. h3 Ba6 24. Rfd1 Bc4 25. Bf1 {White is more active.} Qb5 26. Bxc4 (26. Qc7 $14) 26... dxc4 $11 27. Qe4 c3 28. Qd3 Qb4 29. Ne2 {[%cal Rc1c3]} c5 30. Rxc3 ({Reject} 30. Nxc3 cxd4 31. exd4 Rd8 $11) 30... c4 {[#]} (30... Rxc3 $14 31. Nxc3 (31. Qxc3 Qxc3 32. Nxc3 cxd4 $14) 31... Rd8) 31. Qxc4 {Weighted Error Value: White=0.09 (flawless) /Black=0.22 (precise)} (31. Rxc4 $2 {is the wrong capture.} Rxd3 32. Rxb4 Rxd1+ $19) 1-0

[Event "Romanian Team Rapid Open 2022"]
[Site "Sebes"]
[Date "2022.12.03"]
[Round "3.21"]
[White "Coicev, Matei-Andrei"]
[Black "Ionescu, Mihai"]
[Result "*"]
[WhiteElo "2009"]
[BlackElo "2243"]
[Annotator "TA"]
[PlyCount "46"]
[EventDate "2022.12.03"]
[EventType "rapid"]
[EventCountry "ROU"]
[SourceTitle "playchess.com"]
[Source "ChessBase"]
[SourceQuality "1"]

{[%evp 9,33,-10,14,-16,14,13,28,26,31,26,44,47,42,46,47,45,67,39,50,1,10,-2,-12,-29,-29,-35]} 1. b3 Nf6 2. Bb2 g6 3. Bxf6 exf6 4. c4 Bg7 5. Nc3 f5 6. Rc1 {A01: Nimzowitsch-Larsen Opening.} O-O 7. g3 Nc6 8. Bg2 {White has an edge.} d6 9. e3 Rb8 10. d4 Ne7 11. Nge2 a6 12. O-O b5 13. Qd3 c6 14. cxb5 (14. Nf4 $14) 14... axb5 $11 15. b4 d5 16. a4 bxa4 17. Nxa4 {[#]   Weighted Error Value: White=0.12 (very precise) /Black=0.11 (very precise)} {Predecessor:} Rxb4 $146 18. Nc5 f4 19. Qa3 Qb6 20. Nd3 Rb3 21. Qxe7 Rxd3 22. Nxf4 Rb3 23. h3 Ba6 {1-0 (31) Dragomirescu,R (2337)-Stanca,A (2182) Sebes 2022} *

[Event "Romanian Team Rapid Open 2022"]
[Site "Sebes"]
[Date "2022.12.03"]
[Round "3.22"]
[White "Coicev, Matei-Andrei"]
[Black "Ionescu, Mihai"]
[Result "1/2-1/2"]
[WhiteElo "2009"]
[BlackElo "2243"]
[Annotator "TA"]
[PlyCount "60"]
[EventDate "2022.12.03"]
[EventType "rapid"]
[EventCountry "ROU"]
[SourceTitle "playchess.com"]
[Source "ChessBase"]
[SourceQuality "1"]

{[%evp 15,60,22,41,7,21,0,0,-4,18,18,22,17,16,14,17,15,32,15,30,17,34,0,0,-6,25,8,44,44,41,13,15,0,30,0,0,0,0,0,0,0,0,0,165,22,16,0,159]} 1. e4 e5 2. Nf3 Nf6 3. Nxe5 d6 4. Nf3 Nxe4 5. Nc3 Nxc3 6. dxc3 Be7 7. Be3 Nc6 8. Qd2 Be6 9. Bb5 {C42: Petroff Defence: 3 Nxe5 and unusual White 3rd moves.} a6 10. Bxc6+ bxc6 11. Nd4 Qd7 12. Nxe6 fxe6 13. O-O O-O 14. Rad1 {[#]} Bf6 $146 ({Predecessor:} 14... Rf5 15. b3 Raf8 16. Qe2 a5 17. Bd4 c5 18. Be3 Bf6 19. c4 Qf7 20. a4 Be5 {1-0 (45) Sihite,C-Ton,N (2046) Ho Chi Minh City 2009}) 15. b3 (15. Qd3 {looks sharper.} e5 16. Rfe1 Rfe8 17. f3) 15... Qf7 16. c4 c5 17. Qa5 Rfc8 18. Bd2 Qg6 19. Rde1 e5 20. Qc3 Bg5 21. Bxg5 Qxg5 22. Re3 Rf8 23. Rg3 Qf4 24. Qd3 (24. Qa5 {simplifies} Qf7 25. Rf3 Qd7 26. Rxf8+ Kxf8 27. Rd1) 24... Qd4 25. Qe2 Rf4 26. Rd3 Qe4 27. Re3 Qf5 28. g3 Rg4 {[#]} (28... Qg6 $11 {and Black stays safe.}) 29. Rf3 ({White must play} 29. f4 $1 $18 {[%cal Rf4e5]} Rf8 30. fxe5 Qxf1+ 31. Qxf1 Rxf1+ 32. Kxf1) 29... Qe4 30. Re3 (30. Qd1 $11 Rg6 31. h3) 30... Qf5 {Weighted Error Value: White=0.20 (precise) /Black=0.23 (precise)} 1/2-1/2

[Event "Romanian Team Rapid Open 2022"]
[Site "Sebes"]
[Date "2022.12.03"]
[Round "3.22"]
[White "Dragomirescu, Calin"]
[Black "Danila, Tudor-Gabriel"]
[Result "*"]
[WhiteElo "1971"]
[BlackElo "1939"]
[Annotator "TA"]
[PlyCount "60"]
[EventDate "2022.12.03"]
[EventType "rapid"]
[EventCountry "ROU"]
[SourceTitle "playchess.com"]
[Source "ChessBase"]
[SourceQuality "1"]

{[%evp 15,36,31,35,0,2,-10,-10,-7,15,18,25,23,24,8,24,21,34,20,31,19,37,0,0]} 1. e4 e5 2. Nf3 Nf6 3. Nxe5 d6 4. Nf3 Nxe4 5. Nc3 Nxc3 6. dxc3 Be7 7. Be3 Nc6 8. Qd2 Be6 9. Bb5 {C42: Petroff Defence: 3 Nxe5 and unusual White 3rd moves.} a6 10. Bxc6+ bxc6 11. Nd4 Qd7 12. Nxe6 fxe6 13. O-O O-O 14. Rad1 Bf6 15. b3 Qf7 16. c4 c5 17. Qa5 Rfc8 18. Bd2 Qg6 {[#] An uneventful encounter.   Weighted Error Value: White=0.12 (very precise) /Black=0.10 (very precise)} {Predecessor:} 19. Rde1 $146 e5 20. Qc3 Bg5 21. Bxg5 Qxg5 22. Re3 Rf8 23. Rg3 Qf4 24. Qd3 Qd4 25. Qe2 Rf4 26. Rd3 Qe4 27. Re3 Qf5 28. g3 Rg4 29. Rf3 Qe4 30. Re3 Qf5 {½-½ (30) Coicev,M (2009)-Ionescu,M (2243) Sebes 2022} *

[Event "Romanian Team Rapid Open 2022"]
[Site "Sebes"]
[Date "2022.12.03"]
[Round "3.23"]
[White "Dragomirescu, Calin"]
[Black "Danila, Tudor-Gabriel"]
[Result "1-0"]
[WhiteElo "1971"]
[BlackElo "1939"]
[Annotator "TA"]
[PlyCount "125"]
[EventDate "2022.12.03"]
[EventType "rapid"]
[EventCountry "ROU"]
[SourceTitle "playchess.com"]
[Source "ChessBase"]
[SourceQuality "1"]

{[%evp 9,124,0,18,17,54,31,40,33,100,87,99,93,125,129,173,161,169,170,180,162,162,136,135,141,225,161,487,156,166,136,202,153,152,154,152,148,156,128,171,162,170,158,162,151,206,209,212,153,145,147,167,168,169,169,169,150,177,168,185,178,165,106,190,91,86,84,330,265,247,257,271,272,482,92,442,8,165,77,610,597,588,553,833,770,985,672,606,571,467,395,684,639,1368,1218,1168,1106,1276,1351,29987,29988,29982,1172,941,849,1131,1079,29978,29978,4714,1308,29974,29975,29984,29985,29995,29996,29999]} 1. d4 Nf6 2. Nf3 e6 3. c4 d5 4. g3 Bb4+ 5. Bd2 Bd6 6. Bg2 {E01: Catalan: Early deviations.} b6 7. cxd5 exd5 8. Nc3 {[#] White is slightly better.} a6 $146 (8... O-O $14) ({Predecessor:} 8... O-O 9. O-O Nbd7 10. Nb5 Ne4 11. Nxd6 Nxd6 12. Bb4 c5 13. dxc5 bxc5 14. Qxd5 Bb7 15. Qxd6 cxb4 {1-0 (30) Chuersakul,S (1636)-Burbach,A (1136) Bangkok 2020}) 9. O-O {And now Bg5 would win.} O-O 10. Ne5 Bb7 11. Bg5 {[%cal Oc3d5] White is more active.} h6 12. Bxf6 Qxf6 13. Nxd5 Qe6 14. Nf4 {[%csl LRb7,LRe6] Pair of Knights!} ({But not} 14. Nxc7 Bxc7 15. Bxb7 Ra7 $16) 14... Qc8 15. Rc1 Bxg2 16. Nxg2 Re8 (16... Bxe5 $16 {is a better defense.} 17. dxe5 a5) 17. Nc4 {Nxd6 is the strong threat.} Bf8 {[#]} (17... Qb7 {is a better chance.} 18. f3 Nc6) 18. e3 $2 (18. Nxb6 $1 $18 {[%mdl 512] is the precise move to win.} cxb6 19. Rxc8 Rxc8 20. e4) 18... Qb7 19. Ne5 {[%cal Oe5f7]} Bd6 (19... c5 $16 {was called for.} 20. Qg4 Ra7) 20. Qf3 Qxf3 21. Nxf3 Nd7 22. Rc6 a5 23. Rfc1 a4 24. Nf4 Nf6 25. Nd3 Nd5 26. Nfe5 f6 (26... a3 $16) 27. Nc4 $18 Bf8 28. a3 b5 29. Nd2 f5 {Inhibits e4.} 30. Nf4 Nxf4 31. gxf4 Bd6 32. Nf3 {Prevents g5.} Reb8 33. Ne5 g5 34. fxg5 hxg5 35. h4 ({White should try} 35. Nd7 $18) 35... b4 (35... gxh4 $16 36. Kg2 b4) 36. Nc4 (36. hxg5 $18 {is more deadly. Black must now prevent Nc4.} bxa3 37. bxa3) 36... bxa3 $16 37. bxa3 Rb3 $2 (37... gxh4 $16 {was necessary.} 38. Kg2 f4) 38. Nxd6 cxd6 39. hxg5 Rxa3 {[%cal Of5f4]} 40. Rxd6 $18 {[%mdl 4096] Endgame KRR-KRR} Rd3 $2 (40... Rb3 {was worth a try.} 41. Rcc6 Rb7) 41. Rdc6 $2 (41. Rg6+ $18 {and White stays clearly on top.} Kh7 42. Rh6+ Kg8 43. Rcc6) 41... Kg7 $2 {[%mdl 8192]} (41... f4 $16) 42. Rb1 $2 ({Better is} 42. Kg2 $18) 42... Ra7 $2 {[#]} (42... a3 $11) 43. Rbb6 (43. Kf1 $1 $18 {[%cal Rf1e2]}) 43... Rd7 $2 {[%mdl 8192]} (43... f4 $16) 44. Ra6 a3 45. Kg2 f4 46. Rg6+ Kf8 47. Ra8+ Kf7 48. Rf6+ Kg7 49. Rxf4 Kg6 $2 (49... Rd5 50. Ra7+ Kg8) 50. Ra5 Rb7 51. Rf6+ Kg7 52. Rfa6 Rbb3 53. Kf3 {Threatening mate with Ra7+.} Kf7 54. g6+ Kg7 55. Rc5 (55. Ra7+ $142 Kxg6 56. Ke4 Rb6 57. Kxd3 Rf6 58. R7a6 Kg7 59. Rxf6 Kxf6 60. Ra6+ Ke7 61. d5) 55... Rb7 56. Ke4 Rd2 57. f4 {White threatens Rh5 and mate.} Re7+ 58. Re5 Rb7 59. Rea5 {Intending Rh5 and mate.} Re7+ 60. Kf5 {White mates.} Rd3 61. Rxa3 Rexe3 62. Ra7+ Kh6 63. Rh7# {Weighted Error Value: White=0.71/Black=0.76} 1-0

[Event "Romanian Team Rapid Open 2022"]
[Site "Sebes"]
[Date "2022.12.03"]
[Round "3.23"]
[White "Mainescu, Andrei-Cristian"]
[Black "Santimbrean, Mihnea-Nicolae"]
[Result "*"]
[WhiteElo "1860"]
[BlackElo "1491"]
[Annotator "NA COMBH"]
[PlyCount "70"]
[EventDate "2022.12.03"]
[EventType "rapid"]
[EventCountry "ROU"]
[SourceTitle "playchess.com"]
[Source "ChessBase"]
[SourceQuality "1"]

1. d4 Nf6 2. Nf3 e6 3. c4 d5 4. g3 Bb4+ 5. Bd2 Bd6 6. Bg2 b6 7. cxd5 exd5 8. Nc3 a6 9. O-O O-O 10. Ne5 Bb7 11. Bg5 h6 12. Bxf6 Qxf6 13. Nxd5 Qe6 14. Nf4 Qc8 15. Rc1 Bxg2 16. Nxg2 Re8 17. Nc4 Bf8 18. e3 Qb7 19. Ne5 Bd6 20. Qf3 Qxf3 21. Nxf3 Nd7 22. Rc6 a5 23. Rfc1 a4 24. Nf4 Nf6 25. Nd3 Nd5 26. Nfe5 f6 27. Nc4 Bf8 28. a3 b5 29. Nd2 f5 30. Nf4 Nxf4 31. gxf4 Bd6 32. Nf3 Reb8 33. Ne5 g5 34. fxg5 hxg5 35. h4 b4 *

[Event "Romanian Team Rapid Open 2022"]
[Site "Sebes"]
[Date "2022.12.03"]
[Round "3.24"]
[White "Stefan, Romulus-Cristian"]
[Black "Baratosi, Daniel"]
[Result "*"]
[WhiteElo "2097"]
[BlackElo "2335"]
[Annotator "TA"]
[PlyCount "39"]
[EventDate "2022.12.03"]
[EventType "rapid"]
[EventCountry "ROU"]
[SourceTitle "playchess.com"]
[Source "ChessBase"]
[SourceQuality "1"]

{[%evp 10,30,29,2,31,20,21,14,200,50,108,95,81,78,83,47,141,155,135,129,200,220,197]} 1. e4 e6 2. d4 d5 3. Nd2 Nf6 4. Bd3 c5 5. c3 Nc6 6. Ngf3 (6. e5 $5 {[%cal Re5f6]} Nd7 7. Ne2 $11) 6... Qb6 {[%cal Rc5d4] C05: French Tarrasch: 3...Nf6 4 e5 Nfd7, 5 f4 and 5 Bd3 sidelines.} 7. dxc5 Bxc5 8. Qe2 Ng4 $2 {[#]} (8... Qc7 $11 {and Black has nothing to worry.}) 9. O-O (9. exd5 $18 {And now Nc4 would win.} Ne7 10. Nc4) 9... Nf6 ({Better is} 9... O-O $14) 10. b4 Be7 11. b5 Na5 12. Bb2 dxe4 (12... a6 $14) 13. Nxe4 $16 Nxe4 14. Qxe4 Bd7 (14... f5 $16 {was worth a try.} 15. Qe1 O-O) 15. c4 $18 f6 {[#]   Weighted Error Value: White=0.40/Black=0.67} {Predecessor:} 16. Qg4 $146 O-O 17. Qh5 g6 18. Bxg6 hxg6 19. Qxg6+ Kh8 20. Ng5 {1-0 (20) Santimbrean,M (1531)-Mainescu,A (1860) Sebes 2022} *

[Event "Romanian Team Rapid Open 2022"]
[Site "Sebes"]
[Date "2022.12.03"]
[Round "3.24"]
[White "Santimbrean, Mihnea-Nicolae"]
[Black "Mainescu, Andrei-Cristian"]
[Result "0-1"]
[WhiteElo "1491"]
[BlackElo "1860"]
[Annotator "NA COMBH"]
[PlyCount "39"]
[EventDate "2022.12.03"]
[EventType "rapid"]
[EventCountry "ROU"]
[SourceTitle "playchess.com"]
[Source "ChessBase"]
[SourceQuality "1"]

1. e4 e6 2. d4 d5 3. Nd2 Nf6 4. Bd3 c5 5. c3 Nc6 6. Ngf3 Qb6 7. dxc5 Bxc5 8. Qe2 Ng4 9. O-O Nf6 10. b4 Be7 11. b5 Na5 12. Bb2 dxe4 13. Nxe4 Nxe4 14. Qxe4 Bd7 15. c4 f6 16. Qg4 O-O 17. Qh5 g6 18. Bxg6 hxg6 19. Qxg6+ Kh8 20. Ng5 0-1

[Event "Romanian Team Rapid Open 2022"]
[Site "Sebes"]
[Date "2022.12.03"]
[Round "3.25"]
[White "Stefan, Romulus-Cristian"]
[Black "Baratosi, Daniel"]
[Result "0-1"]
[WhiteElo "2097"]
[BlackElo "2335"]
[Annotator "TA"]
[PlyCount "94"]
[EventDate "2022.12.03"]
[EventType "rapid"]
[EventCountry "ROU"]
[SourceTitle "playchess.com"]
[Source "ChessBase"]
[SourceQuality "1"]

{[%evp 11,94,-27,-16,-16,0,-14,-15,-25,-14,-30,0,-40,-37,-40,-39,-100,-95,-161,-86,-170,-140,-133,-120,-129,-112,-127,-129,-153,-156,-160,-143,-158,-148,-332,-327,-422,-386,-745,-734,-946,-903,-852,-649,-591,-391,-398,-333,-464,-464,-477,-453,-458,-417,-660,-632,-635,-599,-583,-604,-702,-709,-857,-886,-719,-389,-389,-350,-342,-342,-486,-461,-808,-801,-801,-801,-794,-794,-757,-739,-1179,-1147,-1218,-1186,-1287,-1258]} 1. e4 c5 2. Nc3 d6 3. g3 g6 4. Bg2 Bg7 5. d3 Nc6 6. Nh3 Rb8 7. O-O {B25: Closed Sicilian: 3 g3, lines without early Be3.} b5 8. Nd5 e6 9. Ne3 {The position is equal.} (9. Bg5 $2 f6 10. Be3 exd5 $17) 9... Nge7 10. f4 {[%cal Of4f5]} f5 {[#]} 11. g4 $146 ({Predecessor:} 11. exf5 exf5 12. Nd5 O-O 13. c4 b4 14. Re1 h6 15. a3 a5 16. axb4 axb4 17. Ra2 Kh7 18. Be3 Re8 19. b3 Nd4 20. Ra7 Nec6 21. Nf6+ Qxf6 22. Rxg7+ Qxg7 {0-1 (22) Frick,C (1957)-Krasov,O (1832) Playchess.com INT 2020}) 11... O-O 12. gxf5 exf5 13. exf5 {[#]} (13. c3 $15) 13... Nxf5 $1 $17 14. Ng5 (14. c3 $17 {was worth a try.}) (14. Nxf5 Bxf5) 14... Nce7 ({Black should play} 14... Bd4 $1 $19 15. Re1 {[#]} Ne5 $1) 15. Nd5 (15. Nxf5 $17 Nxf5 16. c3 (16. Bd5+ Kh8 $17)) 15... h6 16. Nxe7+ Nxe7 17. Ne4 d5 {[%cal Bd6d5,Bd5d4][%mdl 32]} 18. Ng3 h5 {Black is more active.} 19. f5 Nxf5 20. Nxf5 Bxf5 {[%cal Bc8f5,Bf5d3,Bd3c4][%mdl 32]} ({Weaker is} 20... Rxf5 21. Rxf5 Bxf5 22. Qf3 $17) 21. Bf4 Rb6 22. c3 $2 {White does not recover from this.} (22. Be3 $17) 22... d4 $19 23. Qb3+ Kh7 24. Qa3 $2 (24. Bd2) 24... Bxd3 25. Rf2 dxc3 26. bxc3 Qe7 {And now ...b4 would win.} 27. Rd1 Bc4 28. Qc1 Re6 {White must now prevent ...Qe8.} ({Wrong is} 28... Qh4 $2 29. Rd7 Rf5 30. Bg3 $19) 29. Bg5 Qe8 30. Rfd2 Re2 31. Rxe2 Qxe2 (31... Bxe2 $2 {loses.} 32. Re1 Rf5 33. Qd2 Rxg5 34. Rxe2 $19) 32. Re1 (32. Be3 $142) 32... Qf2+ 33. Kh1 Rf7 34. a3 a5 {[%cal Ba7a5,Ba5a4][%mdl 32]} 35. h3 a4 36. Be3 Qg3 {( -> ...Be5)} 37. Bxc5 Qxc3 38. Qxc3 Bxc3 39. Re3 Bg7 40. Re1 (40. Re8 $142) 40... Bf8 {Black is clearly winning.} 41. Re5 (41. Bxf8 $142 Rxf8 42. Re3) 41... Bxc5 42. Rxc5 {[%mdl 4096] Endgame KRB-KRB} Rf5 43. Rc7+ Kh6 {Strongly threatening ...Re5.} 44. Kg1 Kg5 {Hoping for ...Re5.} 45. Rg7 Rf7 46. Rg8 Re7 47. Rf8 Re3 {Weighted Error Value: White=0.71/Black=0.33} 0-1

[Event "Romanian Team Rapid Open 2022"]
[Site "Sebes"]
[Date "2022.12.03"]
[Round "3.25"]
[White "Illes, Sandor-Ferenc"]
[Black "Arion, Ilie"]
[Result "0-1"]
[WhiteElo "1876"]
[BlackElo "1924"]
[Annotator "TA"]
[PlyCount "63"]
[EventDate "2022.12.03"]
[EventType "rapid"]
[EventCountry "ROU"]
[SourceTitle "playchess.com"]
[Source "ChessBase"]
[SourceQuality "1"]

{[%evp 11,50,-8,-11,-13,0,-14,-25,-27,-24,-28,0,-41,-40,-46,-53,-91,-84,-164,-81,-146,-121,-124,-113,-129,-110,-146,-138,-141,-158,-128,-153,-156,-155,-316,-320,-393,-382,-713,-686,-844,-819]} 1. e4 c5 2. Nc3 d6 3. g3 g6 4. Bg2 Bg7 5. d3 Nc6 6. Nh3 Rb8 7. O-O {B25: Closed Sicilian: 3 g3, lines without early Be3.} b5 8. Nd5 e6 9. Ne3 {Black has an edge.} (9. Bg5 $2 f6 10. Be3 exd5 $17) 9... Nge7 10. f4 {[%cal Of4f5]} f5 11. g4 O-O 12. gxf5 exf5 13. exf5 Nxf5 ({Of course not} 13... Bxf5 $6 14. Nxf5 Rxf5 15. Ng5 $11) 14. Ng5 (14. c3 $17) 14... Nce7 (14... Bd4 $1 $19 {and Black stays clearly on top.} 15. Re1 {[#]} Ne5 $1) 15. Nd5 (15. Nxf5 $142 Nxf5 16. c3 (16. Bd5+ Kh8 $17)) 15... h6 16. Nxe7+ Nxe7 17. Ne4 d5 {[%cal Bd6d5,Bd5d4,Bd4c3][%mdl 32]} 18. Ng3 h5 19. f5 Nxf5 20. Nxf5 Bxf5 21. Bf4 Rb6 22. c3 $2 {[#] Loses the game.} (22. Be3 $17) 22... d4 $19 23. Qb3+ Kh7 24. Qa3 $2 (24. Bd2) 24... Bxd3 25. Rf2 dxc3 {[#]   Weighted Error Value: White=0.63/Black=0.13 (very precise)} {Predecessor:} 26. bxc3 $146 Qe7 27. Rd1 Bc4 28. Qc1 Re6 29. Bg5 Qe8 30. Rfd2 Re2 31. Rxe2 Qxe2 32. Re1 {0-1 (47) Stefan,R (2097)-Baratosi,D (2335) Sebes 2022} 0-1

[Event "Romanian Team Rapid Open 2022"]
[Site "Sebes"]
[Date "2022.12.03"]
[Round "3.26"]
[White "Nagy-Elek, Tamas"]
[Black "Arion, Ilie"]
[Result "0-1"]
[WhiteElo "1976"]
[BlackElo "1924"]
[Annotator "TA"]
[PlyCount "96"]
[EventDate "2022.12.03"]
[EventType "rapid"]
[EventCountry "ROU"]
[SourceTitle "playchess.com"]
[Source "ChessBase"]
[SourceQuality "1"]

{[%evp 9,96,45,42,35,57,35,31,37,88,95,79,76,88,75,78,71,70,75,72,63,95,101,184,47,52,27,27,23,26,18,76,26,26,26,39,3,31,0,0,0,0,0,0,0,0,0,0,0,0,0,0,0,0,-8,0,0,0,0,0,-158,-8,-282,0,0,0,0,0,-29975,-29976,-29973,-29972,-29977,-29978,-29977,-29979,-29979,-29980,-29980,-29981,-29983,-29984,-29984,-29984,-29985,-29986,-29986,-29987,-29987,-29985]} 1. e4 d6 2. d4 Nf6 3. Nc3 g6 4. Be3 c6 5. a4 Nbd7 6. h3 {B07: Pirc Defence: Miscellaneous Systems.} e5 7. Nf3 Bg7 8. dxe5 {White is slightly better.} Nxe5 (8... dxe5 $14 9. Qd3 O-O) 9. Nxe5 $16 dxe5 10. Qxd8+ Kxd8 {[#]} 11. O-O-O+ $146 (11. Bc4 {simplifies} Be6 12. Bxe6 fxe6 13. f3) ({Predecessor:} 11. Bc4 Be6 12. Bxe6 fxe6 13. a5 Kc7 14. Ke2 b5 15. f3 Nd7 16. Rhd1 Rhf8 17. Na2 {½-½ (43) Utiatskaja,I (2047)-Gavasheli,A (2170) Belgrade 2013}) 11... Kc7 12. Bc4 $1 Be6 13. Bxe6 fxe6 14. Rd2 (14. a5 {simplifies} h5 15. f3 Bh6 16. Bxh6 Rxh6 17. Na4) 14... a5 15. Rhd1 h6 (15... Raf8 $16) 16. Bc5 (16. f4 $18) 16... Bf8 $1 $14 17. Bd6+ (17. Bxf8 {simplifies} Rhxf8 18. f3 Rfd8 19. Rxd8 Rxd8 20. Rxd8 Kxd8 21. Nb1) 17... Bxd6 18. Rxd6 Rhe8 19. R6d3 Rad8 (19... g5 $11) 20. Rxd8 (20. Rf3 $16 Rf8 21. Rxd8 Kxd8 22. Nb1) 20... Rxd8 $11 21. Rxd8 Kxd8 $16 {[%mdl 4096] Endgame KN-KN} 22. Kd2 Ke7 23. Ke3 Kd6 24. Nb1 Kc5 25. c3 b5 26. axb5 cxb5 27. Nd2 a4 28. Kd3 Nh5 {...Nf4+ is the strong threat.} 29. g3 {Against Nf4+} Nf6 30. Nf3 Nd7 31. Nh4 Nf8 32. Ng2 b4 33. Ne3 Nd7 34. Kc2 $2 (34. Nc2 $11) 34... Nf6 ({Better is} 34... b3+ $17 35. Kb1 Kb5) 35. Ng4 $2 {[%mdl 8192]} (35. cxb4+ $11 Kxb4 36. f3) 35... Nxg4 $2 ({Inferior is} 35... Nxe4 36. cxb4+ Kxb4 37. h4 $15) (35... b3+ $1 $19 36. Kd3 Nxe4 $1) 36. hxg4 $19 {KP-KP} Kc4 {White must now prevent ...bxc3.} 37. cxb4 Kxb4 38. f4 $2 {[%mdl 8192]} (38. f3 $11) 38... exf4 {Black mates.} 39. gxf4 {[#]} Kc4 $1 40. f5 exf5 41. exf5 gxf5 42. gxf5 {KPP-KPP} Kd5 43. Kd3 Ke5 44. Ke3 Kxf5 45. Kf3 Ke5 46. Kg4 Kd4 47. Kh5 Kc4 48. Kxh6 Kd4 {Weighted Error Value: White=0.43/Black=0.25 (precise)} 0-1